Frailty all songs - Statistics

General Stats
  • This quiz has been taken 10 times
  • The average score is 10 of 13
Answer Stats
Answer % Correct
1 goldfish
100%
2 your clothes
100%
6 buzzcut, daisy
80%
8 kodak moment
80%
13 let's go home
80%
3 misplace
80%
7 movies for guys
80%
4 pretender
80%
5 search party
80%
11 champ
60%
12 eyes off the wheel, i'm a star
60%
10 how to lie
60%
9 can you tell?
40%
No matching quizzes found
Score Distribution
Percent of People with Each Score
Percentile by Number Answered
Your Score History
You have not taken this quiz